Answers Start With N - Statistics

General Stats
  • This quiz has been taken 115 times
  • The average score is 12 of 14
Answer Stats
Hint Answer % Correct
Where a bird lays eggs Nest
98%
Better late than _____ Never
98%
Cardinal direction North
98%
Not far Near
97%
Home of Las Vegas Nevada
95%
Midday Noon
95%
Cashew, Pea___, Pecan Nut
95%
Naughty or ____ Nice
93%
Hammer's counterpart Nail
89%
Oceania country that's two words New Zealand
84%
Just married Newlywed
79%
Has a bridge and is on the face Nose
71%
Chips and cheese Nacho
68%
Many Numerous
42%
No matching quizzes found
Score Distribution
Percent of People with Each Score
Percentile by Number Answered
Your Score History
You have not taken this quiz